| 000 | 00380cam a2200169ua 4500 | ||
|---|---|---|---|
| 020 | _c$6.95 | ||
| 041 |
_aeng _h |
||
| 082 |
_a33o.973 _bZIE/VE |
||
| 100 | _aZiegles, , stedward . | ||
| 245 | _aVested interests | ||
| 260 |
_aNewyork : _bThe Macmillan company , _c1964. |
||
| 300 | _a306 ; . | ||
| 365 | _a$6.95 | ||
| 504 | _a | ||
| 942 | _cBK | ||
| 999 |
_c11215 _d11215 |
||